00763nam a2200181 a 450000500170000000800410001705000180005810000190007624500580009526000470015330000180020052001610021865000240037965000260040365000230042999900190045295201100047120140412111323.0001113s19uu xx 00 eng d aERbFa11 1992 aHayashi, Nancy aThe Fantastic stay-home-from school /cNancy Hayashi. aNew York :bDutton Children's Book,c1992. a106 p. ; ill. aBest Friends Leon and Eddie plan a fantastic day at home, but it backfires when Eddie gets sent to school, and separately they go from disaster to disaster. aHumorous -- Stories aFriendship -- Fiction aSchools -- Fiction c104480d104480 00104050aELbELcERd2000-11-13eDonationl0oER Fa11 1992pE7992r2014-04-12 00:00:00w2014-04-12yBK